| 000 | 00707nam a2200205Ia 4500 | ||
|---|---|---|---|
| 001 | 7374 | ||
| 003 | GE_BSU | ||
| 008 | 181216s||||||||xx |||||||||||||| ||und|| | ||
| 040 | _cGE_BSU | ||
| 080 | _a664.65+664.66 | ||
| 100 | _aГришин,А.С. Ильинская,Т.Н. Зельман. | ||
| 245 | _aСовременное хлебопекарное производство. | ||
| 245 | _cРед. Л.С.Иванушко. | ||
| 260 | _aМ. | ||
| 260 | _bПищевая промышленность. | ||
| 260 | _c1973. | ||
| 300 | _a192стр.22см.с илл. библиогр.:стр.188-191. | ||
| 653 | _aСовременное хлебопекарное производство. | ||
| 942 | _cBK | ||
| 999 |
_c40735 _d40735 |
||